Accounting in the hotel and catering industry

Αποθηκεύτηκε σε:
Λεπτομέρειες βιβλιογραφικής εγγραφής
Κύριος συγγραφέας: Kotas, Richard
Μορφή: Βιβλίο
Γλώσσα:English
Δημοσίευση: International textbook company, 1981
Έκδοση:4th ed.
Θέματα:
Ετικέτες: Προσθήκη ετικέτας
Δεν υπάρχουν, Καταχωρήστε ετικέτα πρώτοι!

MARC

LEADER 00000nam a2200000 i 4500
001 1/64097
008 960313s1981 eng d
020 |a 070020279X 
035 |l 10029368 
040 |a GR-MY-UA  |b gre  |e aacr 
041 0 |a eng 
082 0 |a 657.837 
100 1 |a Kotas, Richard. 
245 1 0 |a Accounting in the hotel and catering industry 
250 |a 4th ed. 
260 |b International textbook company,   |c 1981 
300 |a 344 σ. 
650 0 0 |a Hospitality industry  |x Accounting. 
650 0 0 |a Caterers and catering  |x Accounting. 
852 |a INST  |b CHIOS  |e 19960313  |h 657.837 KOT  |p 005200000619  |q 005200000619  |t BK  |y 0 
909 |a Χ  |b 006092